000 00595nam a2200205 u 4500
005 20240806063929.0
008 100518s2008 r 000 0 eng d
020 _a9789689172451
035 _aUPN01000175915
049 _aCG
050 4 _aPQ7298.19 S2
_bC4.6
100 1 _aIsaac Rueda, Claudio,
_d1957-
245 1 0 _aCenizas de mi padre /
_cClaudio Isaac.
260 _aMéxico :
_bCasa Juan Pablos,
_cc2008.
300 _a177 p. :
_bil.
650 4 _aLiteratura mexicana
_94466
600 1 4 _aISAAC, ALBERTO,
_d1923-1998
_917363
600 1 4 _aISAAC RUEDA, CLAUDIO,
_d1957-
905 _aLibro
999 _c148018
_d148018